No Country for Old Men quotes - Statistics

General Stats
  • This quiz has been taken 32 times
  • The average score is 2 of 7
Answer Stats
Quote Answer % Correct
"If the rule you followed brought you to this, of what use was the rule?" Anton Chigurh
85%
"The coin don't have no say. It's just you." Carla Jean
48%
"Even if you gave him the money he'd still kill you just for - inconveniencin' him. He's a peculiar man. You might even say that he has principles. Principles that transcend money or drugs or anything like that. He's not like you. He's not even like me." Carson Wells
41%
"A man would have to put his soul at hazard. He'd have to say: O.K., I'll be part of this world." Ed Tom Bell
26%
"Can't stop what's comin'. It ain't all waitin' on you. That's vanity" Ellis
19%
"Beer leads to more beer." Pool lady
11%
"What's this guy supposed to be, the ultimate badass?" Llewely Moss
7%
No matching quizzes found
Score Distribution
Percent of People with Each Score
Percentile by Number Answered
Your Score History
You have not taken this quiz